Arsenal TOP Scorers in UCL - Statistics

General Stats
  • This quiz has been taken 42 times
  • The average score is 7 of 10
Answer Stats
Country Player % Correct
France Thierry Henry
100%
Chile Alexis Sanchez
92%
Netherlands Robin Van Persie
92%
Sweden Freddie Ljungberg
72%
England Bukayo Saka
69%
France Olivier Giroud
69%
Spain Cesc Fabregas
67%
England Theo Walcott
67%
France Robert Pires
62%
Germany Lukas Podolski
46%
No matching quizzes found
Score Distribution
Percent of People with Each Score
Percentile by Number Answered
Your Score History
You have not taken this quiz